Wastewater treatment : advanced processes and technologies /

Bibliographic Details
Corporate Author: ebrary, Inc
Other Authors: Rao, D. G. (Dubasi Govardhana)
Format: eBook
Language:English
Published: Boca Raton, FL : London : CRC Press ; co-published with IWA Publishing, 2012.
Subjects:
Online Access:Connect to the full text of this electronic book

MARC

Tag First Indicator Second Indicator Subfields
LEADER 00000cam a2200000Ma 4500
001 in00002777059
006 m o d
007 cr cn|||||||||
008 120726s2012 flua ob 000 0 eng d
005 20250816204458.9
010 |z  2012014607 
020 |z 9781439860441 
020 |z 9781439860458 
035 |a (OCoLC)ocn802053910 
035 |a (NhCcYBP)ebr10572528 
035 |a (OCoLC)802053910 
040 |a E7B  |c E7B  |d TXA  |d UtOrBLW 
049 |a TXAM 
050 4 |a TD745  |b .W36184 2012eb 
082 0 4 |a 628.1/62  |2 23 
245 0 0 |a Wastewater treatment :  |b advanced processes and technologies /  |c edited by D.G. Rao, [and others]. 
264 1 |a Boca Raton, FL :  |b CRC Press ;  |a London :  |b co-published with IWA Publishing,  |c 2012. 
300 |a 1 online resource (xiii, 354 pages :) :  |b illustrations 
336 |a text  |b txt  |2 rdacontent 
337 |a computer  |b c  |2 rdamedia 
338 |a online resource  |b cr  |2 rdacarrier 
500 |a Description based on print version record. 
504 |a Includes bibliographical references. 
500 |a Electronic resource. 
650 0 |a Sewage  |x Purification. 
650 0 |a Water-supply engineering. 
650 0 |a Environmental engineering. 
655 7 |a Electronic books.  |2 local 
700 1 |a Rao, D. G.  |q (Dubasi Govardhana) 
710 2 |a ebrary, Inc. 
856 4 0 |u https://ebookcentral.proquest.com/lib/tamucs/detail.action?docID=945474  |y Connect to the full text of this electronic book  |t 0 
948 |a cataloged  |b h  |c 2013/7/18  |d c  |e jlanham  |f 10:14:22 am 
994 |a C0  |b TXA 
999 f f |s 357743fd-2951-34b6-a955-de52ed3556f7  |i f3024179-4486-3717-8ba5-e1da61a9d2f8  |t 0 
999 |a MARS 
952 f f |a Texas A&M University  |b College Station  |c Electronic Resources  |d Available Online  |t 0  |e TD745 .W36184 2012eb  |h Library of Congress classification 
998 f f |a TD745 .W36184 2012eb  |t 0  |l Available Online